000 00726nam a22002057a 4500
001 44938
003 AR-BaAGN
005 20231206142829.0
007 ta
008 230515s1968 ag ||||| |||| 00| 0 spa d
040 _aAR-BaAGN
_bspa
_eaacr
110 2 _aConsejo Federal de Inversiones
245 1 0 _aPróyecto de Código de Productos para Tráfico Interprovincial de Cargas /
_cpor el Equipo Balance Comercial y Pagos Interprovinciales del Consejo Federal de Inversiones ; bajo la Dir. del Doctor C. A. de Carli.
260 _aBuenos Aires :
_bEdición del Consejo Federal de Inversio-nes,
_c1968.
300 _a1 volumen
336 _2rdacontent
_btxt
337 _2rdamedia
_bn
338 _2rdacarrier
_bnc
942 _cLIBRO
999 _c44938
_d44938